[Event "CZE-chTW U20 0910"]
[Site "Czech Republic"]
[Date "2010.01.23"]
[Round "7.1"]
[White "Klecker, Tadeas"]
[Black "Jancarik, Joel"]
[Result "1-0"]
[WhiteElo "2147"]
[BlackElo "2135"]
[PlyCount "75"]
[EventDate "2009.10.03"]
[EventType "team-tourn"]
[EventRounds "7"]
[EventCountry "CZE"]
[SourceTitle "EXT 2011"]
[Source "ChessBase"]
[SourceDate "2010.11.26"]
[SourceVersion "1"]
[SourceVersionDate "2010.11.26"]
[SourceQuality "1"]
[WhiteTeam "Praha Oaza (U20)"]
[BlackTeam "Liberec (U20)"]
[WhiteTeamCountry "CZE"]
[BlackTeamCountry "CZE"]

1. Nf3 Nf6 2. c4 g6 3. g3 Bg7 4. Bg2 d6 5. d4 0-0 6. 0-0 Nbd7 7. Nc3 e5 8. e4 exd4 9. Nxd4 c6 10. h3 Qb6 11. Nc2 Nc5 12. b3 Re8 13. Re1 Ng4 14. hxg4 Bxc3 15. Be3 Qd8 16. f3 Ne6 17. Qd3 Bxa1 18. Rxa1 Qe7 19. Rd1 a5 20. Qc3 b5 21. cxb5 cxb5 22. Bc1 b4 23. Qd2 Ba6 24. Ne3 Bb7 25. Bb2 Rad8 26. f4 f6 27. g5 fxg5 28. f5 d5 29. fxe6 dxe4 30. Qe2 Rxd1+ 31. Qxd1 Rd8 32. Qe2 Qxe6 33. Ng4 h5 34. Nf6+ Kf7 35. Bxe4 Bxe4 36. Nxe4 Qf5 37. Bf6 Rd7 38. Nd6+ 1-0

[Event "CZE-chTW U20 0910"]
[Site "Czech Republic"]
[Date "2009.10.04"]
[Round "4.1"]
[White "Kovar, Jan1111"]
[Black "Jancarik, Joel"]
[Result "0-1"]
[WhiteElo "1836"]
[BlackElo "2135"]
[PlyCount "84"]
[EventDate "2009.10.03"]
[EventType "team-tourn"]
[EventRounds "7"]
[EventCountry "CZE"]
[SourceTitle "EXT 2011"]
[Source "ChessBase"]
[SourceDate "2010.11.26"]
[SourceVersion "1"]
[SourceVersionDate "2010.11.26"]
[SourceQuality "1"]
[WhiteTeam "Udlice (U20)"]
[BlackTeam "Liberec (U20)"]
[WhiteTeamCountry "CZE"]
[BlackTeamCountry "CZE"]

1. Nf3 Nf6 2. d4 d5 3. e3 c6 4. c4 e6 5. Nc3 Nbd7 6. Be2 dxc4 7. Bxc4 b5 8. Bd3 Bb7 9. 0-0 a6 10. Re1 c5 11. b3 Rc8 12. Bb2 Be7 13. Rc1 0-0 14. Bb1 Qb6 15. dxc5 Nxc5 16. b4 Nce4 17. Nxe4 Nxe4 18. Bd4 Rxc1 19. Qxc1 Qd6 20. a3 Qd5 21. Qb2 Ng5 22. Qe2 Rc8 23. Bb2 Nxf3+ 24. Qxf3 Qxf3 25. gxf3 Bxf3 26. Rc1 Rxc1+ 27. Bxc1 Bf6 28. Bc2 Bc3 29. h3 g6 30. Kh2 Be5+ 31. Kg1 Kf8 32. a4 Bc3 33. axb5 axb5 34. Bd3 Bc6 35. Ba3 Ke7 36. f4 Kf6 37. Kf2 e5 38. fxe5+ Kxe5 39. Be2 Kf5 40. Bd3+ Kg5 41. Be2 Kh4 42. Bf1 f5 0-1

[Event "CZE-ch U16"]
[Site "Kouty nad Desnou"]
[Date "2009.03.11"]
[Round "6"]
[White "Rabatin, Jakub"]
[Black "Jancarik, Joel"]
[Result "0-1"]
[WhiteElo "2076"]
[BlackElo "2007"]
[PlyCount "86"]
[EventDate "2009.03.07"]
[EventType "swiss"]
[EventRounds "9"]
[EventCountry "CZE"]
[SourceTitle "EXT 2011"]
[Source "ChessBase"]
[SourceDate "2010.11.26"]
[SourceVersion "1"]
[SourceVersionDate "2010.11.26"]
[SourceQuality "1"]

1. e4 e5 2. Nf3 Nc6 3. Bb5 a6 4. Ba4 Nf6 5. 0-0 b5 6. Bb3 Bb7 7. d3 Be7 8. Re1 0-0 9. h3 d6 10. Bd2 Nb8 11. Nc3 Nbd7 12. a3 c5 13. Ne2 c4 14. Ba2 Nc5 15. Be3 Qc7 16. Ng3 d5 17. exd5 Nxd5 18. Nxe5 Nxe3 19. Rxe3 Bg5 20. Re2 Bf4 21. d4 Rad8 22. c3 Bxe5 23. Rxe5 Nd3 24. Re3 Nf4 25. Qg4 Nxg2 26. Nf5 g6 27. Rg3 Nf4 28. Ne3 Qc6 29. Kh2 Nd5 30. Rag1 Nf6 31. Qh4 Ne4 32. d5 Qe8 33. Rg4 f5 34. Nxf5 Rxf5 35. Rxe4 Rxf2+ 36. Qxf2 Qxe4 37. Bb1 Qxd5 38. Qf6 Qd2+ 39. Kg3 Rf8 40. Qe6+ Kg7 41. Qe7+ Rf7 42. Qe5+ Kh6 43. Kh4 Rf4+ 0-1

[Event "CZE-ch U16"]
[Site "Kouty nad Desnou"]
[Date "2009.03.08"]
[Round "2"]
[White "Bures, Jaroslav"]
[Black "Jancarik, Joel"]
[Result "1/2-1/2"]
[WhiteElo "2284"]
[BlackElo "2007"]
[PlyCount "54"]
[EventDate "2009.03.07"]
[EventType "swiss"]
[EventRounds "9"]
[EventCountry "CZE"]
[SourceTitle "EXT 2011"]
[Source "ChessBase"]
[SourceDate "2010.11.26"]
[SourceVersion "1"]
[SourceVersionDate "2010.11.26"]
[SourceQuality "1"]

1. e4 e5 2. Nf3 Nc6 3. Bb5 a6 4. Ba4 Nf6 5. 0-0 b5 6. Bb3 Be7 7. Re1 0-0 8. c3 d6 9. h3 Bb7 10. d4 Re8 11. a4 h6 12. Nbd2 Bf8 13. Bc2 exd4 14. Nxd4 Nxd4 15. cxd4 c5 16. d5 Nd7 17. Ra3 f5 18. Rf3 Re5 19. Rxf5 Rxf5 20. exf5 Bxd5 21. Ne4 Bc6 22. Qg4 Bxe4 23. Qxe4 Nf6 24. Qc6 Qa5 25. Re6 Rd8 26. g4 Qb4 27. Qf3 Re8 1/2-1/2

[Event "CZE-chT2A 0809"]
[Site "Czech Republic"]
[Date "2009.02.22"]
[Round "9.8"]
[White "Jancarik, Joel"]
[Black "Vohnout, Pavel"]
[Result "1-0"]
[WhiteElo "2024"]
[BlackElo "2102"]
[PlyCount "59"]
[EventDate "2008.10.12"]
[EventType "team-tourn"]
[EventRounds "11"]
[EventCountry "CZE"]
[SourceTitle "EXT 2010"]
[Source "ChessBase"]
[SourceDate "2010.11.25"]
[SourceVersion "1"]
[SourceVersionDate "2010.11.25"]
[SourceQuality "1"]
[WhiteTeam "Kobylisy"]
[BlackTeam "Zizkov"]
[WhiteTeamCountry "CZE"]
[BlackTeamCountry "CZE"]

1. e4 c5 2. Nf3 d6 3. d4 cxd4 4. Nxd4 Nf6 5. Nc3 g6 6. Bc4 Bg7 7. f3 0-0 8. Be3 Nc6 9. Qd2 Bd7 10. 0-0-0 Ne5 11. Bb3 Qa5 12. h4 Rfc8 13. h5 Nc4 14. Bxc4 Rxc4 15. Nb3 Qc7 16. hxg6 fxg6 17. e5 Rxc3 18. exf6 Rxe3 19. fxg7 Rc8 20. c3 Re5 21. g4 Qb6 22. f4 Re3 23. Nd4 Re4 24. Qh2 Kf7 25. Qxh7 Rg8 26. f5 Rxg4 27. fxg6+ Rxg6 28. Rdf1+ Rf6 29. Qh5+ Kxg7 30. Rfg1+ 1-0